Normal view
MARC view
- Blanchard, P Nick
Entry Personal Name
001 - CONTROL NUMBER
- control field: 74752
003 - CONTROL NUMBER IDENTIFIER
- control field: NUST
005 - DATE AND TIME OF LATEST TRANSACTION
- control field: 20210628205301.0
008 - FIXED-LENGTH DATA ELEMENTS
- fixed length control field: 210628|| aca||aabn | a|a d
040 ## - CATALOGING SOURCE
- Original cataloging agency: NUST
- Transcribing agency: NUST
100 ## - HEADING--PERSONAL NAME
- Personal name: Blanchard, P Nick
670 ## - SOURCE DATA FOUND
- Source citation: Work cat.: (NUST): Blanchard, P Nick, Effective training,systems, strategies and practices, 2014
